Library Banner

تاو اور کنفیوشس ازم (Record no. 71000)

MARC details
000 -LEADER
fixed length control field 00462nam a22001577a 4500
005 - DATE AND TIME OF LATEST TRANSACTION
control field 20150512101122.0
008 - FIXED-LENGTH DATA ELEMENTS--GENERAL INFORMATION
fixed length control field 150512b xxu||||| |||| 00| 0 eng d
040 ## - CATALOGING SOURCE
Transcribing agency PK-LaUMT
082 ## - DEWEY DECIMAL CLASSIFICATION NUMBER
Classification number KHC 299.51
Item number ROB-T
100 ## - MAIN ENTRY--PERSONAL NAME
Personal name روبرٹ وین ڈی وئیر
245 ## - TITLE STATEMENT
Title تاو اور کنفیوشس ازم
Statement of responsibility, etc روبرٹ وین ڈی وئیر
260 ## - PUBLICATION, DISTRIBUTION, ETC. (IMPRINT)
Place of publication, distribution, etc لاہور
Name of publisher, distributor, etc بک ہوم
Date of publication, distribution, etc 2006
300 ## - PHYSICAL DESCRIPTION
Extent 224 ص
700 ## - ADDED ENTRY--PERSONAL NAME
Personal name ملک اشفاق(ترجمہ
942 ## - ADDED ENTRY ELEMENTS (KOHA)
Koha item type Books
Holdings
Withdrawn status Lost status Damaged status Home library Current library Date acquired Full call number Barcode Date last seen Price effective from Koha item type
      UMT Main Campus UMT Main Campus 2015-05-12 KHC 299.51 ROB-T 74666 2015-05-12 2015-05-12 Books